Banner

Análisis fundamental para la valoración y la toma de decisiones / (Record no. 1900)

MARC details
000 -LEADER
campo de control de longitud fija 02371nam a22002297a 4500
003 - IDENTIFICADOR DE NÚMERO DE CONTROL
campo de control OSt
005 - FECHA Y HORA DE LA ÚLTIMA TRANSACCIÓN
campo de control 20240904220116.0
008 - DATOS DE LONGITUD FIJA--INFORMACIÓN GENERAL
campo de control de longitud fija 240904b |||||||| |||| 00| 0 eng d
020 ## - NÚMERO INTERNACIONAL ESTÁNDAR DEL LIBRO
Número Internacional Estándar del Libro 9789586829007
040 ## - FUENTE DE CATALOGACIÓN
Centro catalogador/agencia de origen CO-UdeC
Lengua de catalogación esp
Centro/agencia transcriptor CO-UdeC
Centro/agencia modificador CO-UdeC
082 04 - NÚMERO DE LA CLASIFICACIÓN DECIMAL DEWEY
Número de clasificación 658.15
Número de ítem S715
100 1# - ENTRADA PRINCIPAL--NOMBRE DE PERSONA
Nombre de persona Sosa Sierra, María del Carmen
9 (RLIN) 2700
245 10 - MENCIÓN DEL TÍTULO
Título Análisis fundamental para la valoración y la toma de decisiones /
Mención de responsabilidad, etc. María del Carmen Sosa.
260 ## - PUBLICACIÓN, DISTRIBUCIÓN, ETC.
Lugar de publicación, distribución, etc. Bogotá :
Nombre del editor, distribuidor, etc. Alfaomega,
Fecha de publicación, distribución, etc. 2014.
300 ## - DESCRIPCIÓN FÍSICA
Extensión 160 p. ;
Otras características físicas gráficos,
Dimensiones 24 cm.
505 0# - NOTA DE CONTENIDO CON FORMATO
Nota de contenido con formato Aspectos esenciales del análisis fundamental -- Top-down: aspectos generales -- Top-down: técnicas y metodologías -- Bottom-up: aspectos básicos -- Valoración absoluta. Método de los flujos descontados -- Variables que afectan el per -- Consideraciones finales sobre el análisis fundamental
520 0# - RESUMEN, ETC.
Sumario, etc. Los mercados de capitales y, en general, el entorno financiero mundial ha experimentado innumerables transformaciones, producto, entre otros fenómenos, de la globalización económica y financiera, lo que ha imprimido una dinámica sin precedentes a los mercados de valores y ha permitido, a su vez, la participación de nuevos inversionistas, especialmente en casos de renta variable. Por otra parte, las empresas que acuden a las bolsas de valores han logrado también incrementar sus posibilidades de obtener financiación para sus proyectos de expansión en el mediano y largo plazo. En este contexto, los inversionistas potenciales se preguntarán cómo seleccionar la mejor empresa para invertir y qué métodos podrían emplear para llevar a cabo sus predicciones, maximizando la rentabilidad y minimizando el riesgo de inversión. Es en este campo donde el libro Análisis fundamental para la valoración y la toma de decisiones ofrece una excelente guía práctica, escrita en lenguaje sencillo y ameno, para que el lector se adentre en un tema tan complejo de las finanzas como es el del análisis fundamental y, de esta forma, asimile las las bases técnicas requeridas para tomar sus decisiones de inversión en acciones, partiendo del concepto de valor fundamental, intrínseco, justo o apropiado de una acción [Tomado de contraportada].
650 04 - PUNTO DE ACCESO ADICIONAL DE MATERIA--TÉRMINO DE MATERIA
Término de materia o nombre geográfico como elemento de entrada Administración financiera
9 (RLIN) 1372
650 04 - PUNTO DE ACCESO ADICIONAL DE MATERIA--TÉRMINO DE MATERIA
Término de materia o nombre geográfico como elemento de entrada Toma de decisiones.
9 (RLIN) 390
650 04 - PUNTO DE ACCESO ADICIONAL DE MATERIA--TÉRMINO DE MATERIA
Término de materia o nombre geográfico como elemento de entrada Análisis financiero.
9 (RLIN) 701
942 ## - ELEMENTOS DE ENTRADA SECUNDARIOS (KOHA)
Fuente del sistema de clasificación o colocación Clasificación Decimal Dewey
Tipo de ítem Koha Libros
Parte de la signatura que corresponde a la clasificación (Parte de la clasificación) 658.15 S715
Suprimir en OPAC No
Holdings
Estatus retirado Estado de pérdida Fuente del sistema de clasificación o colocación Estado de daño No para préstamo Colección Biblioteca de origen Biblioteca actual Fecha de adquisición Fuente de adquisición Total de préstamos Signatura topográfica completa Código de barras Visto por última vez Copia número Precio de reemplazo Tipo de ítem Koha
    Clasificación Decimal Dewey     Colección general U DE COLOMBIA - Biblioteca U DE COLOMBIA - Biblioteca 04/09/2024 donación 2024   658.15 S715 001875 04/09/2024 1 04/09/2024 Libros


Biblioteca Académica Corporación Universitaria U DE COLOMBIA | Teléfono: +(57) (4) 2398080 ext. 1112 | E-mail: biblioteca@udecolombia.edu.co | Dirección: Calle 56 Nº 41 – 147 (Bolivia con Girardot)
Horario de atención: lunes a viernes 8:00 a.m. a 8:00 p.m. - sábados 8:00 a.m. a 4:00 p.m.
Implementado por Grupo EGS.

Powered by Koha